Countries of the World Quiz - Consonants - Statistics

General Stats
  • This quiz has been taken 15 times
  • The average score is 115 of 196
Answers on the Map
Answers color-coded by a green-red scale on the quiz's map according to % correct below.
 
Answer Stats
Country % Correct
ntd Stts
100%
Cnd
92%
Ls
85%
Mxc
85%
Gtml
77%
Blgm
69%
Blrs
69%
Blv
69%
Blz
69%
Bngldsh
69%
Brzl
69%
Cb
69%
Chd
69%
Chl
69%
Chn
69%
Clmb
69%
clnd
69%
Cmbd
69%
Dmnc
69%
fghnstn
69%
Fnlnd
69%
Frnc
69%
Grmny
69%
Gyn
69%
Hndrs
69%
Ht
69%
krn
69%
Kzkhstn
69%
Lthn
69%
Ltv
69%
Lxmbrg
69%
Ml
69%
mn
69%
Mngl
69%
Mynmr
69%
nd
69%
Npl
69%
Nr
69%
Nrth Kr
69%
Nrwy
69%
Nthrlnds
69%
Pkstn
69%
Pl
69%
Plnd
69%
Pnm
69%
Pr
69%
Prgy
69%
rgntn
69%
rgy
69%
rlnd
69%
rn
69%
rq
69%
Rss
69%
Sd rb
69%
Spn
69%
srl
69%
Sth Kr
69%
stn
69%
str
69%
strl
69%
Swdn
69%
Thlnd
69%
Trkmnstn
69%
Trky
69%
Vnzl
69%
Vtnm
69%
Ymn
69%
zbkstn
69%
Bhms
62%
Bhtn
62%
Blgr
62%
cdr
62%
Cst Rc
62%
Dnmrk
62%
gypt
62%
Hngry
62%
Jmc
62%
Jpn
62%
Jrdn
62%
Kny
62%
Ksv
62%
Kyrgyzstn
62%
lbn
62%
Lby
62%
Mdgscr
62%
Mldv
62%
Mlys
62%
Mnc
62%
ndns
62%
ndrr
62%
Ngr
62%
ntd Kngdm
62%
Nw Zlnd
62%
Phlppns
62%
Prtgl
62%
rmn
62%
Rmn
62%
rtr
62%
Sdn
62%
Slvk
62%
Slvn
62%
Sm
62%
Sml
62%
Srb
62%
Srnm
62%
Sth frc
62%
Syr
62%
Tg
62%
thp
62%
Tjkstn
62%
tly
62%
zrbjn
62%
Brkn Fs
54%
Btswn
54%
Cmrn
54%
Crt
54%
Cyprs
54%
Czch Rpblc
54%
Djbt
54%
Fj
54%
Gbn
54%
Ghn
54%
Gn
54%
gnd
54%
Grc
54%
Grg
54%
Lchtnstn
54%
lgr
54%
l Slvdr
54%
Mldvs
54%
Mlt
54%
Mlw
54%
Mntngr
54%
Mrcc
54%
Mrtn
54%
Mzmbq
54%
ngl
54%
Nmb
54%
Nrth Mcdn
54%
ntd rb mrts
54%
Pp Nw Gn
54%
Sngl
54%
Sn Mrn
54%
Sr Lnk
54%
Srr Ln
54%
Sth Sdn
54%
Swtzrlnd
54%
Tns
54%
Tnzn
54%
Tvl
54%
Vtcn Cty
54%
Zmb
54%
Brbds
46%
Bsn nd Hrzgvn
46%
Cmrs
46%
Cp Vrd
46%
Gmb
46%
Gn-Bss
46%
Grnd
46%
Krbt
46%
Lbnn
46%
Lbr
46%
Lsth
46%
Mrshll slnds
46%
Mrts
46%
Nicrg
46%
Qtr
46%
Rwnd
46%
Slmn slnds
46%
Sngpr
46%
swtn
46%
Tng
46%
Twn
46%
Vnt
46%
vry Cst
46%
Zmbbw
46%
Bhrn
38%
Bnn
38%
Brn
38%
Brnd
38%
Dmcrtc Rpblc f th Cng
38%
Kwt
38%
ntg nd Brbd
38%
qtrl Gn
38%
Rpblc f th Cng
38%
Snt Ktts nd Nvs
38%
Snt Lc
38%
Snt Vncnt nd th Grndns
38%
S Tm nd Prncp
38%
Sychlls
38%
Trndd nd Tbg
38%
Domncn Rpblc
31%
Fdrtd Stts f Mcrns
31%
st Tmr
31%
Cntrl frcn Rpblc
23%
No matching quizzes found
Score Distribution
Percent of People with Each Score
Percentile by Number Answered
Your Score History
You have not taken this quiz